[Event "Oskarja Memorial 10th"]
[Site "Chess.com INT"]
[Date "2021.01.16"]
[Round "2"]
[White "Horvat, Bozo"]
[Black "Klobucar, Dean"]
[Result "0-1"]
[WhiteElo "1459"]
[BlackElo "2309"]
[PlyCount "50"]
[EventDate "2021.01.16"]
[EventType "swiss (blitz)"]
[EventRounds "15"]
[EventCountry "SLO"]
[SourceTitle "CBM 200 Extra"]
[Source "ChessBase"]
[SourceDate "2021.03.31"]
[SourceVersion "1"]
[SourceVersionDate "2021.03.31"]
[SourceQuality "1"]

1. d4 Nf6 2. c4 c5 3. Nf3 g6 4. e3 Bg7 5. Nc3 0-0 6. Be2 cxd4 7. Nxd4 d5 8. Nf3 dxc4 9. Bxc4 Qc7 10. Bb3 a6 11. 0-0 Bg4 12. Bd2 Nc6 13. Rc1 Rfd8 14. Qe2 Bxf3 15. gxf3 Qe5 16. f4 Qf5 17. Bc2 Qh3 18. Kh1 Ng4 19. f3 Nxh2 20. Qxh2 Qxh2+ 21. Kxh2 Rxd2+ 22. Kg3 Rad8 23. Be4 Rxb2 24. Nd5 f5 25. Bb1 Rxd5 0-1

[Event "Oskarja Memorial 10th"]
[Site "Chess.com INT"]
[Date "2021.01.16"]
[Round "11"]
[White "Horvat, Bozo"]
[Black "Novak, Biserka"]
[Result "0-1"]
[WhiteElo "1459"]
[BlackElo "1190"]
[PlyCount "60"]
[EventDate "2021.01.16"]
[EventType "swiss (blitz)"]
[EventRounds "15"]
[EventCountry "SLO"]
[SourceTitle "CBM 200 Extra"]
[Source "ChessBase"]
[SourceDate "2021.03.31"]
[SourceVersion "1"]
[SourceVersionDate "2021.03.31"]
[SourceQuality "1"]

1. e4 b6 2. Nf3 Bb7 3. Nc3 g6 4. d4 Bg7 5. Bd3 d6 6. 0-0 Nf6 7. Re1 0-0 8. Bd2 e6 9. e5 dxe5 10. dxe5 Ng4 11. h3 Nh6 12. Qc1 Nf5 13. Ne4 Nd7 14. g4 Ne7 15. Bh6 Nxe5 16. Bxg7 Nxf3+ 17. Kg2 Nxe1+ 18. Qxe1 Kxg7 19. Qc3+ f6 20. Kg1 e5 21. Rd1 Qd4 22. Qxc7 Bxe4 23. Bxe4 Qxd1+ 24. Kg2 Rf7 25. Bxa8 Nd5 26. Qc4 Nf4+ 27. Kh2 Qe1 28. Qc3 Qxf2+ 29. Kh1 Ne2 30. Qc4 Qg1# 0-1

[Event "Oskarja Memorial 10th"]
[Site "Chess.com INT"]
[Date "2021.01.16"]
[Round "12"]
[White "Vidic, Marjan"]
[Black "Horvat, Bozo"]
[Result "1-0"]
[WhiteElo "1508"]
[BlackElo "1459"]
[PlyCount "71"]
[EventDate "2021.01.16"]
[EventType "swiss (blitz)"]
[EventRounds "15"]
[EventCountry "SLO"]
[SourceTitle "CBM 200 Extra"]
[Source "ChessBase"]
[SourceDate "2021.03.31"]
[SourceVersion "1"]
[SourceVersionDate "2021.03.31"]
[SourceQuality "1"]

1. d4 Nf6 2. c4 g6 3. Nc3 Bg7 4. e4 d6 5. f4 0-0 6. Bd3 Nc6 7. Nf3 Bg4 8. Be3 Re8 9. h3 Bd7 10. 0-0 e5 11. d5 Nb4 12. Bb1 exf4 13. Bxf4 Nh5 14. Bg5 Nf6 15. a3 Na6 16. Re1 h6 17. Bh4 Re7 18. e5 dxe5 19. Nxe5 g5 20. Bg3 Qe8 21. Nxd7 Qxd7 22. Rxe7 Qxe7 23. Bf5 Re8 24. Qc2 Qc5+ 25. Kh2 Qxc4 26. Rf1 Nc5 27. Bxc7 Nb3 28. d6 Nd4 29. Qd3 Qc5 30. Na4 Qd5 31. Nc3 Qc5 32. b4 Qe5+ 33. Kh1 Nd5 34. d7 Ra8 35. Bxe5 Bxe5 36. Nxd5 1-0